Reliability, validity, and factor structure of the Swedish Youth Psychopathic Trait Inventory in a UK sample of conduct disordered boys
| Autores principales: | ; |
|---|---|
| Tipo de documento: | Print Artículo |
| Lenguaje: | Inglés |
| Publicado: |
2006
|
| En: |
The journal of forensic psychiatry & psychology
Año: 2006, Volumen: 17, Número: 2, Páginas: 217-229 |
| Disponibilidad en Tübingen: | Disponible en Tübingen. IFK: 9223 |
| Verificar disponibilidad: | HBZ Gateway |
MARC
| LEADER | 00000caa a22000002c 4500 | ||
|---|---|---|---|
| 001 | 1639254129 | ||
| 003 | DE-627 | ||
| 005 | 20220608124529.0 | ||
| 007 | tu | ||
| 008 | 160223s2006 xx ||||| 00| ||eng c | ||
| 035 | |a (DE-627)1639254129 | ||
| 035 | |a (DE-576)455817898 | ||
| 035 | |a (DE-599)BSZ455817898 | ||
| 040 | |a DE-627 |b ger |c DE-627 |e rakwb | ||
| 041 | |a eng | ||
| 100 | 1 | |a Dolan, Mairead C. |4 aut | |
| 245 | 1 | 0 | |a Reliability, validity, and factor structure of the Swedish Youth Psychopathic Trait Inventory in a UK sample of conduct disordered boys |c Mairead C. Dolan, Charlotte E. Rennie |
| 264 | 1 | |c 2006 | |
| 336 | |a Text |b txt |2 rdacontent | ||
| 337 | |a ohne Hilfsmittel zu benutzen |b n |2 rdamedia | ||
| 338 | |a Band |b nc |2 rdacarrier | ||
| 700 | 1 | |a Rennie, Charlotte E. |4 aut | |
| 773 | 0 | 8 | |i In |t The journal of forensic psychiatry & psychology |d Abingdon : Routledge, 2003 |g 17(2006), 2, Seite 217-229 |w (DE-627)36565972X |w (DE-600)2112051-1 |w (DE-576)324399758 |x 1478-9949 |7 nnas |
| 773 | 1 | 8 | |g volume:17 |g year:2006 |g number:2 |g pages:217-229 |
| 935 | |a mkri | ||
| 951 | |a AR | ||
| ELC | |b 1 | ||
| LOK | |0 000 xxxxxcx a22 zn 4500 | ||
| LOK | |0 001 3299674226 | ||
| LOK | |0 003 DE-627 | ||
| LOK | |0 004 1639254129 | ||
| LOK | |0 005 20160223095039 | ||
| LOK | |0 008 160208||||||||||||||||ger||||||| | ||
| LOK | |0 040 |a DE-21-110 |c DE-627 |d DE-21-110 | ||
| LOK | |0 852 |a DE-21-110 | ||
| LOK | |0 852 1 |c 9223 |m p |9 00 | ||
| LOK | |0 935 |a k110 | ||
| LOK | |0 938 |k p | ||
| LOK | |0 939 |a 08-02-16 |b l01 | ||
| ORI | |a SA-MARC-krimdoka001.raw | ||
| SIG | |a IFK: 9223 | ||
